Podnikatel a paragrafy. Joint ventures.
Pravidlá, ktorými sa v ČSFR riadia joint ventures, čiže zmiešané spoločnosti (JV) v oblasti: zakladania a právnych noriem, povolovacieho a schvaľovacieho pokračovania, finančného hospodárenia, daňových povinností, daňových úľav, prevodov a zdanenia ziskov, úverov, devízového hospodárstva.
Guardado en:
| Formato: | Capítulo de libro |
|---|---|
| Lenguaje: | checo |
| Materias: | |
| Etiquetas: |
Sin Etiquetas, Sea el primero en etiquetar este registro!
|
MARC
| LEADER | 00000naa a2200000 4500 | ||
|---|---|---|---|
| 001 | r006675 | ||
| 005 | 20221125075646.8 | ||
| 041 | 0 | |a cze | |
| 044 | |a [CS] | ||
| 245 | 1 | 0 | |a Podnikatel a paragrafy. |b Joint ventures. |
| 520 | |a Pravidlá, ktorými sa v ČSFR riadia joint ventures, čiže zmiešané spoločnosti (JV) v oblasti: zakladania a právnych noriem, povolovacieho a schvaľovacieho pokračovania, finančného hospodárenia, daňových povinností, daňových úľav, prevodov a zdanenia ziskov, úverov, devízového hospodárstva. | ||
| 610 | 2 | 0 | |a joint ventures |
| 610 | 2 | 0 | |a ČSFR |
| 610 | 2 | 0 | |a predpisy právne |